Introducción a la metodología de la investigación empírica, en las ciencias del deporte
Saved in:
| 主要作者: | |
|---|---|
| 格式: | 图书 |
| 语言: | 西班牙语 |
| 出版: |
Barcelona
Paidotribo
2003
|
| 主题: | |
| 标签: |
添加标签
没有标签, 成为第一个标记此记录!
|
MARC
| LEADER | 00000nam a2200000 a 4500 | ||
|---|---|---|---|
| 001 | UCL0911 | ||
| 003 | CL-VaPUC | ||
| 008 | 030825e20030000SP |||||||||||||||||spa|d | ||
| 020 | |a 8480196785 | ||
| 082 | 0 | 4 | |a 796.07 |b HEI |2 21 |
| 100 | |a Heinemann, Klaus |e author |9 552611 | ||
| 245 | 1 | 0 | |a Introducción a la metodología de la investigación empírica, en las ciencias del deporte |
| 300 | |a 284 p | ||
| 942 | |c BK | ||
| 945 | |d 20030825 00:00:00 |a cmena | ||
| 260 | |a Barcelona |b Paidotribo |c 2003 | ||
| 650 | 0 | |a Deportes |9 224367 | |
| 650 | 0 | |a Investigación científica |9 259857 | |
| 650 | 0 | |a Métodos de investigación |9 262618 | |
| 583 | |a last modification |c 20140410 05:56:39 |k Rodrigo Vera | ||
| 999 | |c 304636 |d 304634 | ||
| 952 | |0 0 |1 0 |4 0 |6 796_070000000000000_HEI_2003 |7 0 |8 A |9 367164 |a BIBEDU |b BIBEDU |d 2019-11-21 |i 3932192 |o 796.07 HEI 2003 |p 3932192 |r 2019-11-21 |w 2019-11-21 |y BK |k EFI | ||
| 952 | |0 0 |1 0 |4 0 |6 796_070000000000000_HEI_2003 |7 0 |8 A |9 367165 |a BIBEDU |b BIBEDU |d 2019-11-21 |i 3932206 |o 796.07 HEI 2003 |p 3932206 |r 2019-11-21 |w 2019-11-21 |y BK |k EFI | ||
| 952 | |0 0 |1 0 |4 0 |6 796_070000000000000_HEI_2003 |7 0 |8 A |9 367166 |a BIBEDU |b BIBEDU |d 2019-11-21 |i 4551877 |o 796.07 HEI 2003 |p 4551877 |r 2019-11-21 |w 2019-11-21 |y BK |k EFI | ||